00801nam a2200253 i 4500003000900000005001700009007000300026008003900029020001800068040003000086041000800116082002400124100002900148245006300177250001200240264005200252300001700304336002700321337003300348338002800381500006300409500004300472650003200515DO-SdBNP20230425100904.0ta100322s2020 dr 1 000 0 spa d a9789945807219 aDO-SdBNPbspacBNPHUerda17heng 4a427bP438o 20202221 aPérez, Jesús Manuel 10aOne thousand and one wise words /cJesús Manuel Pérez  a3a. ed. aSanto Domingo :bJesús Manuel Pérez,c2020. av. :c23 cm. 2rdacontentatextobtxt 2rdamediaasin mediaciónbn 2rdacarrieravolumenbnc aIncluye datos biográficos del autor en la contracubierta aLa biblioteca posee el volumen 1 de 7. 4aInglésxPalabras y frases